<?xml version="1.0" encoding="UTF-8"?>
<record
    xmlns:xsi="http://www.w3.org/2001/XMLSchema-instance"
    xsi:schemaLocation="http://www.loc.gov/MARC21/slim http://www.loc.gov/standards/marcxml/schema/MARC21slim.xsd"
    xmlns="http://www.loc.gov/MARC21/slim">

  <leader>04334nam a22004337a 4500</leader>
  <controlfield tag="001">BRCA_8661</controlfield>
  <controlfield tag="002">W-23</controlfield>
  <controlfield tag="003">FranzMayer</controlfield>
  <controlfield tag="005">20260505164823.0</controlfield>
  <controlfield tag="006">a||||gr|||| 00| 0 </controlfield>
  <controlfield tag="007">ta</controlfield>
  <controlfield tag="008">260112m18691878mx a|||gr|||| 00| 0 spa d</controlfield>
  <datafield tag="040" ind1=" " ind2=" ">
    <subfield code="a">BMFM</subfield>
    <subfield code="b">spa</subfield>
  </datafield>
  <datafield tag="041" ind1="1" ind2=" ">
    <subfield code="a">fre</subfield>
    <subfield code="h">spa</subfield>
  </datafield>
  <datafield tag="050" ind1=" " ind2="4">
    <subfield code="a">F1215</subfield>
    <subfield code="b">1869 .D43</subfield>
  </datafield>
  <datafield tag="100" ind1="1" ind2=" ">
    <subfield code="a">Castro, Casimiro,</subfield>
    <subfield code="d">(1826-1889)</subfield>
    <subfield code="e">ilustrador</subfield>
    <subfield code="9">30097</subfield>
  </datafield>
  <datafield tag="245" ind1="1" ind2=" ">
    <subfield code="a">M&#xE9;xico y sus alrededores. Colecci&#xF3;n de vistas monumentales, paisajes y trajes del pa&#xED;s / </subfield>
    <subfield code="c">Casimiro Castro, G. Rodriguez y Juli&#xE1;n Campillo</subfield>
  </datafield>
  <datafield tag="246" ind1="1" ind2="0">
    <subfield code="a">M&#xE9;xico y sus alrededores</subfield>
  </datafield>
  <datafield tag="260" ind1=" " ind2=" ">
    <subfield code="a">M&#xE9;xico: </subfield>
    <subfield code="b">Imprenta litogr&#xE1;fica de V. Debray, editor. Esquina del Portal del Coliseo Viejo y Callejon del Esp&#xED;ritu Santo, </subfield>
    <subfield code="c">1869</subfield>
  </datafield>
  <datafield tag="300" ind1=" " ind2=" ">
    <subfield code="a">67, [8] p&#xE1;ginas :</subfield>
    <subfield code="b">litograf&#xED;as ;</subfield>
    <subfield code="c">45.5 x 31.5 x 3 cm</subfield>
  </datafield>
  <datafield tag="500" ind1=" " ind2=" ">
    <subfield code="a">Existe una discrepancia entre la fecha de publicaci&#xF3;n y la fecha que figura en las tapas (1878).</subfield>
  </datafield>
  <datafield tag="520" ind1="3" ind2=" ">
    <subfield code="a">Considerada una de las obras m&#xE1;s importantes de la litograf&#xED;a mexicana en el siglo XIX. Presenta 48 cromolitograf&#xED;as que ilustran varios monumentos, paisajes, edificios y escenas de la vida cotidiana en la Ciudad de M&#xE9;xico durante la &#xE9;poca.</subfield>
    <subfield code="b">Incluye adem&#xE1;s una serie de descripciones escritas por varios intelectuales de la &#xE9;poca (Marcos Arronis, Jos&#xE9; T. de Cuellar, Franciso Gonzalez Bocanegra, entre otros) acerca de los sitios y esc&#xE9;nicas representados.</subfield>
  </datafield>
  <datafield tag="563" ind1=" " ind2=" ">
    <subfield code="a">Otras referencias f&#xED;sicas: Encuadernaci&#xF3;n entera en tela. El papel del cuerpo del libro est&#xE1; formado por pulpa no identificada (qu&#xED;mica o mixta) y hecho a m&#xE1;quina. La parte del cuerpo que corresponde al texto presenta cinco orificios que parecen corresponder a la costura utilizada para unir los cuadernillos. Tambi&#xE9;n presenta restos de un endose rosa. La parte del cuerpo que corresponde a las l&#xE1;minas litogr&#xE1;ficas tiene un endose de color amarillo y tres soportes de costura que atraviesan el cuerpo y se unen a la tapa posterior. Soportes de las tapas de cart&#xF3;n. Cantos del cuerpo refinados. Texto impreso. Al parecer, las primeras hojas con el texto impreso pertenecen a una edici&#xF3;n, mientras que la encuadernaci&#xF3;n y las l&#xE1;minas litogr&#xE1;ficas podr&#xED;an corresponder a otra. Esto se debe a que en la tapa de la encuadernaci&#xF3;n se grab&#xF3; el t&#xED;tulo junto con el a&#xF1;o de 1878; sin embargo, en la informaci&#xF3;n impresa en la portada se indica como fecha de publicaci&#xF3;n el a&#xF1;o de 1869. Asimismo, ambas partes del ejemplar tienen caracter&#xED;sticas materiales distintas (color del endose y costura).</subfield>
  </datafield>
  <datafield tag="591" ind1=" " ind2=" ">
    <subfield code="a">Estado de Conservaci&#xF3;n: Malo</subfield>
  </datafield>
  <datafield tag="591" ind1=" " ind2=" ">
    <subfield code="a">Descripci&#xF3;n de conservaci&#xF3;n: Lomo perdido, tapa anterior suelta, puntas semidesnudas, cuerpo dividido en dos, hojas desprendidas, roturas, dobleces y oxidaci&#xF3;n en el papel, foxing y ataque de microorganismos</subfield>
  </datafield>
  <datafield tag="592" ind1=" " ind2=" ">
    <subfield code="a">Marcas Adicionales: Resto del t&#xED;tulo e informaci&#xF3;n en portada: Dibujadas al nautral y litografiados por los artistas mexicanos C. Castro, G. Rodriguez e J. Campillo. Bajo la direcci&#xF3;n de V. DebrayLos art&#xED;culos descriptivos son de los se&#xF1;ores: D. Marcos Arronis, D. Jose T. de Cuellar, D. Florencio M. del Castillo, D. Hilarion Fias y Soto, D. Francisco Gonzalez Bocanegra, D. J. M. Gonzalez, D. Luis G. Ortiz, D. Manuel Orozco y Berra, D. Manuel Payno, D. Anselimo de la Portilla, D. Jose Fernando Ramirez, D. Luis de la Rosa, D. Vicente Segura Arg&#xFC;elles, D. Francisco Zarco y D. Niceto de Zamacois. Ex libris de Franz Mayer. 48 litograf&#xED;as a color. Texto en espa&#xF1;ol y franc&#xE9;s en columnas paralelas. Nota manuscrita en italiano en la portada: Al ilustre [...]et al nobile amico. Modesto omaggio la ammirasione laffeto. M&#xE9;xico 28 agosto 1871</subfield>
  </datafield>
  <datafield tag="593" ind1=" " ind2=" ">
    <subfield code="a">Libros de viaje y de viajeros</subfield>
  </datafield>
  <datafield tag="648" ind1=" " ind2="0">
    <subfield code="a">Modern Period (1867&#x2013;1910)</subfield>
    <subfield code="9">30098</subfield>
  </datafield>
  <datafield tag="650" ind1="1" ind2="0">
    <subfield code="a">Monuments</subfield>
    <subfield code="x">Pictorial works</subfield>
    <subfield code="z">Mexico</subfield>
    <subfield code="9">30099</subfield>
  </datafield>
  <datafield tag="650" ind1="1" ind2="0">
    <subfield code="a">Landscape drawing</subfield>
    <subfield code="z">Mexico</subfield>
    <subfield code="9">30100</subfield>
  </datafield>
  <datafield tag="651" ind1=" " ind2="0">
    <subfield code="a">Mexico City (Mexico)</subfield>
    <subfield code="x">Description and travel</subfield>
    <subfield code="y">19th century</subfield>
    <subfield code="9">30101</subfield>
  </datafield>
  <datafield tag="700" ind1="1" ind2=" ">
    <subfield code="a">Rodriguez, G.,</subfield>
    <subfield code="e">ilustrador</subfield>
    <subfield code="9">30102</subfield>
  </datafield>
  <datafield tag="700" ind1="1" ind2=" ">
    <subfield code="a">Campillo, Juli&#xE1;n,</subfield>
    <subfield code="e">ilustrador</subfield>
    <subfield code="9">30103</subfield>
  </datafield>
  <datafield tag="700" ind1="1" ind2=" ">
    <subfield code="a">Debray, V&#xED;ctor </subfield>
    <subfield code="e">editor</subfield>
    <subfield code="9">30104</subfield>
  </datafield>
  <datafield tag="856" ind1="4" ind2="1">
    <subfield code="q">TIF//PDF</subfield>
    <subfield code="u">https://bibliotecadigital.franzmayer.org.mx/items/c5e20be3-5953-4b6d-849b-1a72bc3b9e51</subfield>
    <subfield code="y">Biblioteca Digital Franz Mayer</subfield>
  </datafield>
  <datafield tag="902" ind1=" " ind2=" ">
    <subfield code="a">KH</subfield>
    <subfield code="a">FM</subfield>
    <subfield code="a">TV</subfield>
  </datafield>
  <datafield tag="942" ind1=" " ind2=" ">
    <subfield code="2">lcc</subfield>
    <subfield code="c">B</subfield>
  </datafield>
  <datafield tag="960" ind1=" " ind2=" ">
    <subfield code="a">CS-L3-N2</subfield>
  </datafield>
  <datafield tag="999" ind1=" " ind2=" ">
    <subfield code="c">11099</subfield>
    <subfield code="d">11099</subfield>
  </datafield>
  <datafield tag="952" ind1=" " ind2=" ">
    <subfield code="a">BRCA</subfield>
    <subfield code="b">BRCA</subfield>
    <subfield code="f">CS-L3-N2</subfield>
    <subfield code="i">W-23</subfield>
    <subfield code="l">0</subfield>
    <subfield code="o">F1215 1869 .D43 (W-23)</subfield>
    <subfield code="p">LAR00160</subfield>
    <subfield code="r">2026-01-12 10:29:00</subfield>
    <subfield code="y">B</subfield>
    <subfield code="0">0</subfield>
    <subfield code="1">0</subfield>
    <subfield code="2">lcc</subfield>
    <subfield code="5">2</subfield>
    <subfield code="7">0</subfield>
    <subfield code="8">LAR</subfield>
  </datafield>
</record>
